The vital truth of Hindustan / (Record no. 141987)

MARC details
000 -LEADER
fixed length control field 00628nam a22001937a 4500
005 - DATE AND TIME OF LATEST TRANSACTION
control field 20170627102022.0
010 ## - LCCN (DPL NO)
LC control number ENG-118929
020 ## - INTERNATIONAL STANDARD BOOK NUMBER
International Standard Book Number 9788183822725
Terms of availability 250.00
035 ## - SYSTEM CONTROL NUMBER
System control number EN-102461
037 ## - SOURCE OF ACQUISITION
Source of stock number/acquisition DBAD/PUB
082 ## - DEWEY DECIMAL CLASSIFICATION NUMBER
Classification number 220.5
100 ## - MAIN ENTRY--PERSONAL NAME
Personal name Nivedita
245 ## - TITLE STATEMENT
Title The vital truth of Hindustan /
Statement of responsibility, etc by Nivedita ; introduction by Rabindranath Tagore
260 ## - PUBLICATION, DISTRIBUTION, ETC. (IMPRINT)
Place of publication, distribution, etc Kolkata
Name of publisher, distributor, etc Lotus Press
Date of publication, distribution, etc 2011
270 ## - ADDRESS
Address Unit N0-220,iind floor,4735/22,PrakashDeep Building ,Ansari Road,Daryaganj
City New Delhi
Postal code 110002
300 ## - PHYSICAL DESCRIPTION
Extent 280p
Dimensions 22cm(pbk)
700 ## - ADDED ENTRY--PERSONAL NAME
Personal name Tagore,Rabindranath
942 ## - ADDED ENTRY ELEMENTS (KOHA)
Source of classification or shelving scheme Dewey Decimal Classification
Item type English Books
Classification part 220.5
Call number suffix NIV
Holdings
Withdrawn status Lost status Not for loan Collection code Home library Current library Date acquired Source of acquisition Cost, normal purchase price Full call number Barcode Copy number Cost, replacement price Koha item type
      Non-fiction Central Jail Tihar Central Jail Tihar 27/06/2017 DBAD/PUB 250.00 220.5 EN-102461 1 250.00 English Books

© Delhi Public Library
Hit Counter
free hit counter